000 00400 a2200145 4500
001 169607
020 _a
040 _cMagnum
100 _aMunoz, J. M. Escudero
240 1 0 _aLa renovacion pedagogica: alguns modelos teoricos y el papel del prof.
_lESP
245 1 0 _aLa renovacion pedagogica: alguns modelos teoricos y el papel del prof.
362 0 _a1899
697 _aPEDAGOGIA
942 _cBK
999 _c169607
_d169607